Welcome to the Holygrace Academy Library

Please use search bar below to get started

SEASON OF PASSION (Record no. 3347)

MARC details
000 -LEADER
fixed length control field 00608nam a22001457a 4500
020 ## - INTERNATIONAL STANDARD BOOK NUMBER
ISBN 0-440-17704-9
082 ## - DEWEY DECIMAL CLASSIFICATION NUMBER
Classification number 823
Item number STE/S
100 ## - MAIN ENTRY--AUTHOR NAME
Personal name STEEL,DANIELLE
245 ## - TITLE STATEMENT
Title SEASON OF PASSION
260 ## - PUBLICATION, DISTRIBUTION, ETC. (IMPRINT)
Place of publication NEW YORK
Name of publisher DELL BOOK
300 ## - PHYSICAL DESCRIPTION
Number of Pages 432
520 ## - SUMMARY, ETC.
Summary, etc Kate is only eighteen when she meets Tom Harper, one of America's biggest pro-football stars. They share an idyllic and glamorous first love. But the bullet that suddenly ends Tom's career also ends their life together. A failed suicide attempt will leave him mentally and physically disabled forever.
650 ## - SUBJECT ADDED ENTRY--TOPICAL TERM
Topical Term ENGLISH NOVEL
Geographic subdivision NEW YORK
942 ## - ADDED ENTRY ELEMENTS (KOHA)
Koha item type Books
Holdings
Withdrawn status Lost status Collection code Home library Current library Shelving location Date acquired Source of acquisition Full call number Accession Number Koha item type
    Fiction Main Library Main Library SHELF 2-J-ENGLISH NOVELS FOR TEACHERS 29/07/2009 PURCHASE 823 STE/S 04869 Books